[Event "GRE-chT Online Rapid op 1st"]
[Site "Tornelo INT"]
[Date "2021.02.21"]
[Round "7.22"]
[White "Stoimenidis, Markos"]
[Black "Anisios, Markos"]
[Result "0-1"]
[WhiteElo "1140"]
[BlackElo "1460"]
[PlyCount "100"]
[EventDate "2021.02.20"]
[EventType "team-swiss (rapid)"]
[EventRounds "9"]
[EventCountry "GRE"]
[SourceTitle "EXT 2023"]
[Source "ChessBase"]
[SourceDate "2022.10.05"]
[SourceVersion "1"]
[SourceVersionDate "2022.10.05"]
[SourceQuality "1"]

1. e4 e5 2. Nf3 Nc6 3. Bc4 Nf6 4. d3 Bc5 5. Nc3 d6 6. h3 Be6 7. Bxe6 fxe6 8. a3 0-0 9. 0-0 Qe8 10. Bg5 h6 11. Bh4 g5 12. Bg3 Qg6 13. Nh2 Nh5 14. Kh1 Nd4 15. b4 Bb6 16. a4 a6 17. Ne2 Nf4 18. Bxf4 gxf4 19. c3 Nxe2 20. Qxe2 Kh7 21. Nf3 Qh5 22. Kh2 Rg8 23. Rg1 Rg7 24. d4 exd4 25. cxd4 c6 26. Qc2 e5 27. dxe5 dxe5 28. g4 fxg3+ 29. Rxg3 Rxg3 30. fxg3 Qxf3 31. Ra2 Rg8 32. Qg2 Qxg2+ 33. Kxg2 Rf8 34. Rd2 Bd4 35. g4 Kg6 36. Kg3 Rf1 37. h4 Rb1 38. Rxd4 exd4 39. Kf4 Rxb4 40. h5+ Kf7 41. e5 d3+ 42. Kf5 d2 43. e6+ Ke7 44. Kg6 Rxg4+ 45. Kxh6 d1Q 46. a5 Qd2+ 47. Kh7 Qd3+ 48. Kh8 Qd8+ 49. Kh7 Qg8+ 50. Kh6 Qg7# 0-1

[Event "Ambelokipi op 73rd"]
[Site "Athens"]
[Date "2006.11.22"]
[Round "6"]
[White "Savoglou, Nikolaos"]
[Black "Anisios, Markos"]
[Result "1-0"]
[WhiteElo "1940"]
[BlackElo "1809"]
[PlyCount "64"]
[EventDate "2006.11.04"]
[EventType "swiss"]
[EventRounds "7"]
[EventCountry "GRE"]
[SourceTitle "EXT 2008"]
[Source "ChessBase"]
[SourceDate "2007.11.25"]
[SourceVersion "1"]
[SourceVersionDate "2007.11.25"]
[SourceQuality "1"]

1. e4 e5 2. Nf3 Nc6 3. Bb5 a6 4. Ba4 b5 5. Bb3 Bc5 6. c3 Nf6 7. d4 exd4 8. cxd4 Bb4+ 9. Bd2 Bxd2+ 10. Nbxd2 Bb7 11. 0-0 0-0 12. e5 Ng4 13. Re1 Na5 14. Bc2 Bd5 15. Ne4 f5 16. Nc3 Bb7 17. h3 Nh6 18. d5 g5 19. b4 Nc4 20. Nd4 g4 21. Qc1 f4 22. hxg4 Nxg4 23. Nf3 c6 24. d6 Qb6 25. Re2 c5 26. bxc5 Qxc5 27. Be4 Bxe4 28. Nxe4 Qb6 29. Qc3 Rab8 30. Nfg5 Ncxe5 31. Qh3 h6 32. Nf3 Nxf3+ 1-0